| 000 | 00964nam a2200205 i 4500 | ||
|---|---|---|---|
| 001 | 42514 | ||
| 003 | ES-MaACL | ||
| 005 | 20250818063038.0 | ||
| 007 | t| | ||
| 008 | 030403s1863 fr ||||1| fre d | ||
| 100 | 1 |
_aVerneuil, Édouard de, _d1805-1873 _9114176 |
|
| 245 | 1 | 0 |
_aNote sur un silex taillé trouvé dans le diluvium des environs de Madrid / _cpar MM. Ed. de Verneuil et Louis Lartet. |
| 260 |
_a[Paris : _bs.n., _c1863 ?] ( _fImp. de E. Martinet) |
||
| 300 |
_ap. 698-702, [1] h. de lám. ; _c21 cm. |
||
| 500 | _aExtrait du Bulletin de la Société Géologique de France, 2e série, t.XX, p. 698, séance du 22 juin 1863. | ||
| 500 | _aSin port. datos tomados p. 698. | ||
| 700 | 1 |
_aLartet, Louis. _970381 |
|
| 852 |
_aES-MaACL _jB-8308(8) _z.- Encuadernado en un vol. facticio agrupado con el nombre en el lomo: España, geología, memorias y documentos varios I-X _z.- Legado Federico de Botella y de Hornos |
||
| 999 |
_c42514 _d42514 |
||